| 000 | 01322nam a2200277Ia 4500 | ||
|---|---|---|---|
| 999 |
_c10782 _d10782 |
||
| 001 | 10412074 | ||
| 003 | OCoLC | ||
| 005 | 20210304151214.0 | ||
| 008 | 840214s1978 miu b 000 0 eng d | ||
| 020 | _a0801029031 (pbk.) : | ||
| 035 | _a.b10852888 | ||
| 040 |
_aMCB _cMCB _dMZN _dOCoLC |
||
| 050 | _bJ45N | ||
| 082 | _bJ45N | ||
| 090 |
_aBT45 _bJ45N |
||
| 245 | 0 | 4 |
_aThe Necessity of systematic theology / _cJohn Jefferson Davis, editor |
| 250 | _a2nd ed | ||
| 260 |
_aGrand Rapids : _bBaker Book House, _cc1978 |
||
| 300 |
_ax, 190 p. ; _c22 cm |
||
| 504 | _aIncludes bibliographical references | ||
| 505 | 0 | _aThe Screwtape letters, letter 1 / C.S. Lewis -- Right now counts forever / R.C. Sproul -- Everyman must be a theologian / John H. Gerstner --Creed or chaos? / Dorothy L. Sayers -- The minister as teacher / Kenneth F.W. Prior -- Doing theology for the church / Robert L. Saucy -- The necessity for dogmatics / Emil Brunner -- Nature and character of theology / Francis Pieper -- The importance of Christian knowledge / Jonathan Edwards -- The idea of systematic theology / B.B. Warfield -- Contextualization and the nature of theology / John Jefferson Davis | |
| 650 | 0 | _aPhilosophical theology | |
| 650 | 0 |
_aTheology, Doctrinal _vIntroductions |
|
| 700 | 1 | _aDavis, John Jefferson | |
| 942 |
_2ddc _cBK |
||